Vista normal Vista MARC
  • Velásquez Carrera, Eduardo Antonio

Entrada Nombre personal

Número de registros utilizados en: 7

001 - NÚMERO DE CONTROL

  • campo de control: 7

003 - IDENTIFICADOR DE NÚMERO DE CONTROL

  • campo de control: gtuscu

005 - FECHA Y HORA DE LA ÚLTIMA TRANSACCIÓN

  • campo de control: 20250903154436.0

008 - ELEMENTOS DE DATO DE LONGITUD-FIJA

  • campo de control de longitud fija: 250806|| acz||aabn | a|a d

040 ## - FUENTE DE CATALOGACIÓN

  • Centro catalogador/agencia de origen: gtuscu

100 1# - ENCABEZAMIENTO-NOMBRE DE PERSONA

  • Nombre de persona: Velásquez Carrera, Eduardo Antonio
  • Fechas asociadas al nombre: 1956- ;